Dictionnaire fondamental (Registo nº 7)

Detalhes MARC
000 -Etiqueta do registo
Cabeçalho 00805cam a2200325 4500
005 - Identificador da versão
Campo de controlo 20240813121751.0
010 ## - Número internacional normalizado dos livros (ISBN)
Número (ISBN) 972471635X
021 ## - Número do Depósito Legal
Código do país PT
Número 146817/00
035 ## - Other System Control Numbers
System Control Number 0000007
System Control Number 0000007
System Control Number 0000007
System Control Number 0000007
100 ## - Dados gerais de processamento
Dados gerais de processamento 20001127d2000 m y0pory5003 ba
102 ## - Pais de publicação ou produção
País de publicação Portugal
101 0# - Língua de publicação
Língua do texto, banda sonora, etc. Francês
Língua do documento no original Francês
106 ## - Campo de dados codificados: material textual
Dados codificados do material textual r
105 ## - Campo de dados codificados: livros
Dados codificados dos livros y e 001yy
215 ## - Descrição física 
Indicação específica da natureza do documento e extensão da espécie 666 p.
Dimensões 16 cm
200 1# - Titulo e menção de responsabilidade
Título próprio Dictionnaire fondamental
Informação de outro título français
Primeira menção de responsabilidade coord. Marta Cancela
225 2# - Colecção 
Título próprio da colecção Universal
205 ## - Menção da edição
Menção da edição 2ª ed
210 ## - Publicação, Distribuição, etc. 
Lugar da edição, distribuição, etc. Cacém
Nome do editor, distribuidor, etc. Texto
Data da publicação, distribuição, etc. 2001
675 ## - Classificação Decimal Universal (CDU)
Notação 811.134.3(038)
Edição BN
Língua da edição por
Edição BN
Língua da edição por
702 ## - Nome de autor-pessoa física (responsabilidade secundária)
Número de registo de entrada de autoridade 0000023
Palavra de ordem Cancela
Outra parte do nome não tomada para palavra de ordem Marta
Código de função Editor literário / Coordenador
700 ## - Nome de autor-pessoa física (responsabilidade principal)
Número de registo de entrada de autoridade 0000023
Palavra de ordem Cancela
Outra parte do nome não tomada para palavra de ordem Marta
966 ## - Identificação da Biblioteca
Sigla NUMETECA
942 ## - Elementos de entrada adicionados (Koha)
Tipo de item no Koha Livro
Exemplares
Situação do levantamento Origin of item (home branch) (coded) Biblioteca de empréstimo Código de barras Cota Circulation type (not for loan) Tipo de documento Nota do exemplar Damaged status
  Biblioteca Escolar Eng. Nuno Mergulhão Biblioteca Escolar Eng. Nuno Mergulhão BENM1037 811 DIC   Cativo Sem mensagem